| 000 | 00731nam a2200229 i 4500 | ||
|---|---|---|---|
| 001 | 12606 | ||
| 003 | ES-MaACL | ||
| 005 | 20250811100457.0 | ||
| 007 | t| | ||
| 008 | 970813s1996 sp |||| | spa d | ||
| 020 | _a84-7695-266-X | ||
| 080 | _a340.63 | ||
| 100 | 1 |
_aCarrasco Gómez, Juan José. _935557 |
|
| 245 | 1 | 0 |
_aManual de psiquiatría legal y forense / _cJuan José Carrasco Gómez, José Manuel Maza Martín. |
| 246 | 3 | 4 |
_iTít. de cubierta _aPsiquiatría legal y forense |
| 260 |
_aMadrid : _bLa Ley, _cD.L. 1996. |
||
| 300 |
_a1 v. (pag. var.) ; _c25 cm. |
||
| 650 | 1 | 7 |
_aPsiquiatría legal _2embne _916596 |
| 700 | 1 |
_aMaza Martín, José Manuel. _979454 |
|
| 852 |
_aES-MaACL _jL-19836 |
||
| 999 |
_c12606 _d12606 |
||